PISA 2015 assessment and analytical framework science, reading, mathematic and financial literacy

Salvato in:
Dettagli Bibliografici
Ente Autore: Programme for International Student Assessment (OECD)
Natura: Libro
Lingua:inglese
Pubblicazione: Paris OECD 2016
Serie:PISA
Soggetti:
Tags: Aggiungi Tag
Nessun Tag, puoi essere il primo ad aggiungerne!!

MARC

LEADER 00000nam a2200000 4500
001 0228448
005 20240314123408.3
020 |a 978-92-64-25541-8 
041 0 |a eng 
044 |a FR 
245 1 0 |a PISA 2015 assessment and analytical framework  |b science, reading, mathematic and financial literacy 
264 1 |a Paris  |b OECD  |c 2016 
300 |a 198 s. 
490 1 |a PISA 
830 0 |a PISA 
610 2 0 |a vzdelávanie 
610 2 0 |a vzdelanie 
610 2 0 |a veda 
610 2 0 |a matematika 
610 2 0 |a gramotnosť finančná 
610 2 0 |a školstvo 
610 2 0 |a politika vzdelávania 
610 2 0 |a vyučovanie 
610 2 0 |a didaktika 
710 2 |a Programme for International Student Assessment (OECD)